000 00524nam a2200157Ia 4500
008 140724s9999 xx 000 0 und d
050 _aHQ 784
_b.F122 2011
100 _aFabra, Marc Aldrin A.
245 _aFactors affecting the aggressive behavior in children exposed to multimedia /
_cMarc Aldrin A. Fabra.
260 _aLas PiƱas, Philippines :
_bSouthville International School and Colleges,
_cc2011.
300 _a39 p. :
_c28 cm.
521 _aPsychology
650 _aMultimedia
942 _cTH
999 _c229025
_d229025